UM Logo

Nursing: (Record no. 7403)

MARC details
000 -LEADER
fixed length control field 00454nam a22001337a 4500
008 - FIXED-LENGTH DATA ELEMENTS--GENERAL INFORMATION
fixed length control field 170906b xxu||||| |||| 00| 0 eng d
022 ## - INTERNATIONAL STANDARD SERIAL NUMBER
International Standard Serial Number 0360-4039
082 ## - DEWEY DECIMAL CLASSIFICATION NUMBER
Edition number Oct 2009 - Mar 2010, v. 39-40
Classification number DPer 610.7305
Item number P53
245 ## - TITLE STATEMENT
Title Nursing:
Statement of responsibility, etc. The Journal of Clinical Excellence.
260 ## - PUBLICATION, DISTRIBUTION, ETC. (IMPRINT)
Place of publication, distribution, etc. Canada:
Name of publisher, distributor, etc. Lippincott Williams & Wilkins,
Date of publication, distribution, etc. 2009.
300 ## - PHYSICAL DESCRIPTION
Extent 1 [various paging]:
Other physical details illustrations;
Dimensions 26 cm.
650 #0 - SUBJECT ADDED ENTRY--TOPICAL TERM
9 (RLIN) 22468
Topical term or geographic name as entry element Nursing
Form subdivision Periodicals
942 ## - ADDED ENTRY ELEMENTS (KOHA)
Source of classification or shelving scheme Dewey Decimal Classification
Koha item type Periodicals
Holdings
Withdrawn status Lost status Source of classification or shelving scheme Materials specified (bound volume or other part) Damaged status Not for loan Collection code Home library Current library Date acquired Source of acquisition Total Checkouts Full call number Barcode Date last seen Price effective from Koha item type Public note
    Dewey Decimal Classification Vol. 39-40     Periodicals UM Digos College - LIC UM Digos College - LIC   Purchased   DPer 610.7305 P53 Oct 2009 - Mar 2010, v. 39-40 24748 06/08/2021 09/06/2017 Periodicals Bound Periodicals